000 00257nam a2200097Ia 4500
001 645044
005 20250826153616.0
008 250824s9999 xx 000 0 und d
245 0 _aDÖNÜŞÜM ANTİK YENİ
_cFRANZ KAFKA
260 _bANTİK DÜNYA KLASİKLERİ
999 _c645044
_d645044